00462 2200169 4500001002100000008004100021035002000062245008300082100001900165250000600184260004200190300001200232084001400244082000800258650001400266990001200280INLIS000000000000609 ind  a0010-0424000585 aSoal & Pembahasan Olimpiade Matematika Tingkat Kabupaten / KotacEddy Hermanto aHermanto, Eddy a1 aJakarta :bBina Prestasi Insanic2014 a206 hlm a510 EDD s a510 aNon Fiksi a0722411